Telecom handbook : understanding telephone systems and services (Record no. 172152)

MARC details
000 -LEADER
fixed length control field 00464nam a2200157Ia 4500
008 - FIXED-LENGTH DATA ELEMENTS--GENERAL INFORMATION
fixed length control field 231217s9999 xx 000 0 und d
041 ## - LANGUAGE CODE
Language code of text/sound track or separate title English
082 ## - DEWEY DECIMAL CLASSIFICATION NUMBER
Classification number 621.38502 LAI;1 R
100 ## - MAIN ENTRY--PERSONAL NAME
Personal name Laino, Jane
245 #0 - TITLE STATEMENT
Title Telecom handbook : understanding telephone systems and services
250 ## - EDITION STATEMENT
Edition statement 4th ed
260 ## - PUBLICATION, DISTRIBUTION, ETC.
Date of publication, distribution, etc. 2002
Name of publisher, distributor, etc. CMP Books
Place of publication, distribution, etc. New York
300 ## - PHYSICAL DESCRIPTION
Extent xxiv+323
650 ## - SUBJECT ADDED ENTRY--TOPICAL TERM
Topical term or geographic name entry element Telecom,handbook,:,understanding,telephone,systems,services
942 ## - ADDED ENTRY ELEMENTS (KOHA)
Koha item type Books
Holdings
Date last seen Total checkouts Full call number Accession number Cost, total (INR) price Price effective from Category Lost status Damaged status Department Withdrawn status Home library Current library Shelving location Entry date Vendor Cost, normal purchase price Grants Billnumber Billdate Currency symbol Conversion rate Discount Old discount
26/01/2024   621.38502 LAI;1 R 27900 1244.98 26/01/2024 Books     Central Library   Central Library Central Library Central Library 05/05/2004 I K International 34.95 TC 112 27/01/2006 USD 47.5 8.74 25

© For any Suggestions or Query, please contact the library staff @ librarian@pes.edu or Phone: +9180 2672 1983/ 2108.